[Event "EU-chT (Men) 17th"]
[Site "Novi Sad"]
[Date "2009.10.26"]
[Round "5"]
[White "Tomashevsky, Evgeny"]
[Black "Avrukh, Boris"]
[Result "1-0"]
[WhiteElo "2688"]
[BlackElo "2668"]
[Annotator "Avrukh,B"]
[PlyCount "81"]
[EventDate "2009.10.22"]
[EventType "team-swiss"]
[EventRounds "9"]
[EventCountry "YUG"]
[SourceTitle "CBM 133"]
[Source "ChessBase"]
[SourceDate "2009.11.19"]
[SourceVersion "1"]
[SourceVersionDate "2009.11.19"]
[SourceQuality "1"]
[WhiteTeam "Russia"]
[BlackTeam "Israel"]
[WhiteTeamCountry "RUS"]
[BlackTeamCountry "ISR"]

1. c4 e5 2. Nc3 Bb4 3. Nd5 {The most challenging move.} a5 $5 {I decided to
suprise my opponent with this rare continuation, but he appeared to be ready
for this move and blitzed out the following moves:} 4. a3 Be7 5. d4 d6 6. Nf3 {
The main point of Black's 3...a5 we can see from the line} (6. e4 {This line
is considered to be advantageous with inclusion of the a5, a3 moves} Nf6 7.
Nxe7 Qxe7 8. f3 exd4 9. Qxd4 Nc6 10. Qc3 {With insertion of a5, a3 moves Black
gets additional options connected with the move ...a5-a4, fixing the pawn
structure, or} O-O 11. Be3 Nd7 12. Ne2 Nc5 {followed by next 13...f5. The idea
that wouldn't work without the insertion of a5, a3, due to the simple b2-b4.})
6... e4 7. Nd2 {There is not much theory here, as this position has occurred
only 3 times in practice.} f5 ({Twice Black opted for} 7... c6 8. Nxe7 (8. Nc3
$6 {seems pointless to me:} f5 9. e3 Nf6 {and it's rather Black, who is
fighting for an opening edge Zak,U (2341)-Luther,T (2575)/Catalan Bay 2003/CBM
092 ext (22)} 10. f3 d5 11. cxd5 cxd5 12. Bb5+ Nc6 13. fxe4 fxe4 14. O-O O-O
15. Qb3 Kh8 16. Be2 Bd6 {0-1 Zak,U-Luther,T/Catalan Bay 2003/CBM 92 ext (22)})
8... Qxe7 9. Nb1 Be6 $2 {A clear inaccuracy. The logical} (9... f5 10. Nc3 {
would led to the same type of position, as happened in the game.}) 10. d5 $1
cxd5 11. cxd5 Bf5 12. Nc3 Nf6 {Johannessen,L (2519)-Kanep,M (2475)/Mallorca
2004/CBM 104 (70) and now} 13. Bf4 O-O 14. Nb5 Ne8 15. e3 {would secure
White's advantage.}) 8. Nb1 Nf6 $146 {A new move.} ({The only game saw} 8...
Nd7 9. Nbc3 Ndf6 $5 10. Bf4 {And now Black has to bear in mind the advance
c4-c5. Jetzt muss Schwarz mit dem Vorstoß c4-c5 rechnen.} Nh5 11. Bd2 Nhf6 12.
Bf4 Nh5 13. Bd2 Nhf6 14. e3 {At last. White is not satisfied with the
repetition. Endlich. Weiß ist mit der Zugwiederholung nicht zufrieden.} c6 {
This move is not actually bad, but the exchange of knights on d5 would be more
logical, since in that case Black could reduce the material. Dieser Zug ist
noch nicht schlecht, doch wäre der Springertausch auf d5 logischer, da Schwarz
in diesem Fall das Material reduzieren konnte.} 15. Nxe7 Nxe7 16. Qc2 {White
has the bishop pair and a strong pawn centre. Weiß hat das Läuferpaar und ein
starkes Bauernzentrum.} O-O 17. f4 $1 $14 {and White got slightly better game
in Lautier,J (2666)-Fressinet,L (2637)/Val d'Isere 2004/CBM 103/[Ribli] (39)})
9. Nbc3 {The following sequence looks pretty logical} O-O 10. Nxe7+ Qxe7 11.
Bg5 c6 {In any case Black should cover the d5-square.} 12. e3 {It seems like
White has got better prospects, thanks to his bishop pair, but the closed type
of position gives Black reasonable play.} Na6 $1 {[%cal Ga6c7,Gc7e6] I think,
that I found a good idea: Black's knight is heading for the e6-square (via c7)
bothering White's dark-squared bishop.} 13. Be2 {During the game I was
slightly concerned about the opportunity to exploit the weakness of the
b6-square by means of} (13. Na4 {, but now I believe, that after} Be6 14. Be2
Nc7 {followed by 15...b5 Black has reasonable play.}) 13... Nc7 14. d5 {
A natural reaction. White takes control over the e6-square, preventing 14...
Ne6.} ({Worthy of consideration would have been} 14. Qb3 Ne6 15. h4 $5 {
with the following point} Nxg5 16. hxg5 Ne8 17. g6 $1 hxg6 18. O-O-O Nf6 19.
Rh2 $44 {followed by 20.Rdh1 with interesting compensation.}) 14... Bd7 ({
There was nothing wrong with the immediate} 14... c5 $5) 15. O-O {White had
other options as well, but none of them promised him any advantage.} (15. dxc6
Bxc6 16. O-O Ne6 17. Nd5 {, or} (17. Bh4 g5 18. Bg3 f4 19. exf4 gxf4 20. Bh4
Rf7 {[%cal Gf7g7] with double-edged play.}) 17... Bxd5 18. Bxf6 Qxf6 19. Qxd5
Kh8 20. Rab1 Nc5 $1 $11) (15. c5 Ncxd5 $1 {Only not} (15... cxd5 $2 16. Bf4 $1
$16 {[%csl Gd6]}) 16. Nxd5 cxd5 17. Bxf6 Qxf6 18. Qxd5+ Kh8 19. Rb1 Rfd8 $1 {
and Black equalises comfortably.}) 15... h6 16. Bh4 ({Black has a good
position after} 16. Bxf6 Qxf6 17. dxc6 bxc6 $11) 16... c5 $1 {The tension in
the centre was rather annoying for Black , as he always had to bear in mind
White's ideas connected with dc6, or c4-c5, so the text looks quite strong and
natural to me, especially taking into account White's bishop pair.} 17. Qd2
Rae8 $2 {[%mdl 16384] A highly important loss of tempo, somehow during the
game I was absolutely sure, that with his last move my opponent had prepared
the following plan Rae1 and f3, or f4 , so I decided to play quickly a
"useful" move, that in fact appeared to be a very important loss of tempo. I
should have played} (17... g5 18. Bg3 Ng4 $1 {The same idea, as executed in
the game, but in a much better version. In my opinion Black has absolutely
normal play, f.e.} 19. Rab1 {The main point is, that now White cannot play} (
19. Bxg4 $6 fxg4 {and the threat of ...h5-h4 is very annoying, while} 20. Nxe4
$2 {is not really working} Qxe4 21. Bxd6 Rfc8 $1 $17) (19. h3 Ne5 20. f4 exf3
21. gxf3 Rae8 {leads to an unclear game.}) (19. Rae1 Ne8 $1 {[%cal Ge8f6] worse
} (19... Ne5 20. f4 $1 exf3 21. gxf3 Ng6 22. f4 $14 {[%cal Ge2h5]})) 19... Ne5
20. b4 axb4 21. axb4 Na6 $1 22. bxc5 Nxc5 {with a balanced position.}) 18. Rab1
g5 ({Maybe objectively better would have been} 18... b6 19. b4 axb4 20. axb4
Rb8 {, still after} 21. Bg3 {White has annoying pressure.}) 19. Bg3 Ng4 {
This was my idea, that unfortunately was nicely refuted by my opponent.} (19...
Na6 {also hardly works in view of} 20. Nb5 $1 {[%csl Gd6]} Bxb5 21. cxb5 Nc7
22. Qxa5 $16) 20. b4 axb4 21. axb4 Na6 22. bxc5 Nxc5 23. Bxg4 $1 {A deep
positional decision.} fxg4 24. Rb6 {[%csl Gd6]} Rf6 25. Qd4 Rc8 {I reached
this position in my calculations, when I played my 19th move, my impression
was, that Black had consolidated his position and was about to start
counterplay on the kingside by means of h5; but unfortunately White had a
powerful idea at his disposal:} 26. Ra1 $1 {Only now I realized, that White's
rook transfers to a5, creating tactical ideas, connected with Bd6 and Rc5
blows.} Rg6 ({Black has no time for} 26... h5 27. Ra5 Kf7 28. h3 $1 {Nesessary
preparation before the Bd6-blow} (28. Kf1 $5) 28... gxh3 29. Bxd6 $1 Rxd6 30.
Rxc5 Rxb6 31. Rxc8 Bxc8 32. Qxb6 hxg2 33. Nb5 {with a clear edge.} (33. Qh6 $5)
) 27. Ra5 Kf7 $1 {Though already in time trouble I managed to find the best
defensive resource.} ({First I intended to continue} 27... Qd8 {, but then I
realized, that the position arising after} 28. Rxc5 $1 Rxc5 29. Rxd6 Rxd6 30.
Bxd6 Ra5 31. g3 $18 {is strategically lost.}) 28. Nb5 {White avoides a nice
trap:} (28. Bxd6 $2 {looks like a winning strike, but in fact allows Black
sufficient counterplay:} Rxd6 29. Rxc5 Rxc5 $1 30. Qxc5 Rxb6 31. Qxb6 Qa3 $1 {
[%csl Rg1]} 32. Nd1 Qc1 (32... Qa1 $2 33. Qd4 $16) 33. Qb3 Qa1 {[%cal Gd7a4]
and White should force the draw:} 34. c5 Kf8 35. c6 $1 bxc6 36. dxc6 Bxc6 37.
Qb8+ Ke7 38. Qb4+ $11) 28... Bxb5 29. Rbxb5 {Threatening 30.Bxd6.} Na6 30. Qb2
Rc7 31. Rb6 Rf6 $1 {It's essential to prevent the annoying idea of Qh8.} 32.
Rab5 Nc5 ({Again Black has no time for} 32... h5 {due to the nice} 33. Bxd6 $1
Rxd6 34. Rxd6 Qxd6 35. Rb6 Rc6 {After} (35... Qd8 36. Qe5 $18 {[%csl Rf7]
White easily starts a decisive attack.}) 36. Rxb7+ Nc7 37. Qd4 Rc5 38. Qxe4 $18
{with a winning position.}) ({Also} 32... Rxc4 {is not really helpful, since
after} 33. Rxb7 Nc7 34. R5b6 $1 $16 {[%cal Gb6c6] 35. Rc6 threat is very
strong.}) 33. Qa3 h5 $2 $138 {Finally I cracked in time trouble, but it was
really hard to defend such a position when short of time.} ({The correct
defence would have been} 33... Rc8 $1 {and it's not that easy for White to
break through Black's position, though after} 34. Qa7 Kg6 35. h3 $1 gxh3 36.
gxh3 {and White has long-lasting pressure.} (36. Bxd6 {doesn't work:} Rxd6 37.
Rxc5 Rxc5 38. Rxb7 Qe5 $1 39. Qxc5 Qa1+ 40. Kh2 Qe5+ 41. g3 Qf6 $1 $132)) 34.
Rxc5 $1 {The decisive blow.} Rxc5 ({I simply forgot, that after} 34... dxc5 {
before moving his d-pawn White first plays} 35. Rxf6+ (35. d6 $2 Rd7 $1 $13)
35... Kxf6 {and now} 36. d6 Qd7 37. Qa1+ $1 $18) 35. Bxd6 Rxc4 {An
unsuccessful try in mutual time trouble, but the queen endgame after} (35...
Rxd6 36. Qxc5 Rxb6 37. Qxb6 $18 {is hopeless for Black.}) 36. Bxe7 Rxb6 {
[%csl Yg1]} 37. h4 $1 $18 {The only winning move} (37. h3 $2 g3 $1 38. Qa1 (38.
fxg3 $4 Rb1+ 39. Kh2 Rcc1 $19) 38... Ra4 39. Qd1 Kxe7 40. fxg3 Ra5 $14) 37...
g3 38. fxg3 Rb1+ 39. Kh2 Rcc1 {Obviously Black has no time to create mating
threats.} (39... g4 40. Qd6 $1 Rcc1 41. Qf6+ Ke8 42. Qf8+ Kd7 43. Qd8#) 40. g4
Ra1 41. Qd6 {After this game, the unbeaten run of my opponent rose to 96 (!)
games, which is really very impressive.} 1-0

[Event "RUS-ch Higher League 63rd"]
[Site "Irkutsk"]
[Date "2010.08.29"]
[Round "4"]
[White "Tomashevsky, Evgeny"]
[Black "Zakhartsov, Viacheslav V"]
[Result "1-0"]
[WhiteElo "2708"]
[BlackElo "2608"]
[Annotator "Zakhartsov,Vi"]
[PlyCount "81"]
[EventDate "2010.08.20"]
[EventType "swiss"]
[EventRounds "10"]
[EventCountry "RUS"]
[SourceTitle "CBM 138"]
[Source "ChessBase"]
[SourceDate "2010.09.17"]
[SourceVersion "1"]
[SourceVersionDate "2010.09.17"]
[SourceQuality "1"]

1. Nf3 c5 2. c4 Nc6 3. d4 cxd4 4. Nxd4 e6 5. g3 Qb6 6. Nb5 Ne5 7. Bf4 a6 8.
Bxe5 axb5 9. Bg2 {A logical novelty, connected with a pawn sac. Other
continuations have not posed any problems for Black:} (9. e4 Bc5 10. Qd2 f6 11.
Bf4 b4 12. Bg2 Ne7 13. O-O Ng6 {Khalifman-Ionov, St Petersburg 1998}) (9. cxb5
Qxb5 10. Bd4 Qd5 11. f3 Bc5 12. Bxc5 Qxc5 {Tkachiev-Grischuk, Villarobledo 2009
}) 9... bxc4 10. O-O Ne7 {Other options:} (10... f6 $6 11. Bc3 Bc5 12. Nd2 d5
13. e4 Ne7 14. exd5 exd5 15. Bxd5 Nxd5 16. Qh5+ Kf8 17. Qxd5 Be6 18. Qf3 {
with advantage to White.}) (10... Nf6 {!?} 11. Nd2 Qc5 12. Bxf6 gxf6 {deserved
serious attention}) 11. Bd4 $1 {A strong move, compelling Black to define the
queen's position.} Qa6 12. Nc3 {Now I realised the threat of a4 and Nb5.} Nf5 (
12... d5 13. e4) (12... d6 13. a4 Bd7 14. b3 {, with initiative in both cases.}
) 13. a4 Bb4 14. Nb5 Qa5 (14... O-O {!?} 15. Nc7 (15. Bc3 {!?} Bxc3 16. bxc3
Qb6 17. e4 Ne7 18. Qd6 {with full compensation}) 15... Qd6 16. Nxa8 Nxd4 17. e3
Nb3 18. Qxd6 Bxd6 19. Ra2 Bc5 20. a5 d5 21. Nb6 f5 {with decent compensation
for the exchange.}) 15. Be5 O-O (15... d6 {?} 16. Bxd6 Nxd6 17. Nxd6+ Bxd6 18.
Qxd6 Ra6 19. Qd4 O-O 20. Qxc4 {with a pawn up}) 16. Bc7 Qa6 17. e4 Ne7 18. e5 {
White has more than enough compensation for the pawn due to poor bishop on c8
and rook on a8.} f6 {The only attempt to free his game.} 19. Qg4 (19. Bd6 Qa5
20. exf6 Rxf6 21. Rc1 Bxd6 22. Nxd6 Qxa4 23. Rxc4 Qxd1 24. Rxd1 Rf8 25. Rc7 {
gave a big advantage in the ending:} Nf5 26. Nxc8 Raxc8 27. Rcxd7 b6 28. Rb7
Rb8 29. Rdd7) 19... Nc6 20. exf6 Rxf6 21. Bd6 Bxd6 22. Nxd6 Ne5 {Desperation
in approaching time trouble.} (22... Rf8 {would be more tenacious:} 23. Rad1
Ne5 24. Qd4 Nc6 25. Qe4 Qxa4 26. Nxc8 Raxc8 27. Rxd7 Qb5 28. Qxe6+ Kh8 29. Qe2
{with White's edge.}) 23. Qd4 Nf3+ 24. Bxf3 Rxf3 25. Ne8 (25. Nxc4) 25... Rf7
26. Nc7 Qa7 27. Qxc4 d5 {Missing a better attempt.} (27... b5 $5 28. Qc2 Rb8
29. axb5 $5 (29. Nxb5 Qb6 30. Rfd1 d5 31. Qe2 Bd7) 29... Qb6 30. Na6 Ra8 31.
Qc5 Qd8 32. Ra3 {, although White has retained an advantage}) 28. Qc3 Rb8 29.
Nb5 Qb6 30. Qe5 Ra8 31. Nd6 Rf6 32. a5 {White completely dominates.} Qb4 (32...
Qd8 33. Rfc1) 33. Rac1 Bd7 {The poor bishop has just made its first move.} 34.
Rc7 Be8 35. Rxb7 {The most straightforward way to win.} (35. Nxb7 {also was
possible.}) 35... Qxa5 36. b4 Qd8 (36... Qa3 {loses to} 37. Nxe8 Rxe8 38. Qc7)
(36... Qa4 37. b5 {also hopeless}) 37. Rc1 Rg6 38. Rcc7 Qg5 39. Qc3 Rd8 (39...
Qf6 40. Rxg7+ (40. Qxf6 gxf6 41. b5) 40... Qxg7 41. Rxg7+ Rxg7 42. Qe5 Bd7 43.
b5) 40. Nxe8 Rxe8 41. Rc8 1-0

[Event "Moscow Tal Memorial 7th"]
[Site "Moscow"]
[Date "2012.06.16"]
[Round "7"]
[White "Tomashevsky, Evgeny"]
[Black "Morozevich, Alexander"]
[Result "1-0"]
[WhiteElo "2738"]
[BlackElo "2769"]
[Annotator "Milos,G"]
[PlyCount "82"]
[EventDate "2012.06.08"]
[EventType "tourn"]
[EventRounds "9"]
[EventCountry "RUS"]
[EventCategory "22"]
[SourceTitle "CBM 149"]
[Source "ChessBase"]
[SourceDate "2012.07.17"]
[SourceVersion "1"]
[SourceVersionDate "2012.07.17"]
[SourceQuality "1"]

1. d4 Nf6 2. c4 g6 3. Nc3 Bg7 4. e4 O-O 5. Nf3 d6 6. h3 e5 7. d5 a5 8. g4 Na6
9. Be3 Bd7 {This is not the normal continuation and it appears that Black
loses a tempo, but there is an important point with this move. The most
playable moves are ...c6, Nc5, Nfd7 and also ...h5 is interesting.} ({After} 
9... Nc5 {The point of ...Bd7 appears in the following variation:} 10. Nd2 Kh8
11. Be2 Ng8 12. h4 f5 {this is similar to the game but White can play} 13. h5
$1 {and if} f4 {then} 14. hxg6 h6 15. Bxc5 {with advantage.}) 10. Nd2 Kh8 11.
Be2 Ng8 12. h4 f5 {This is a good plan and Black is ok here.} 13. gxf5 (13. f3
{is a different plan and also playable.}) (13. h5 $2 f4 14. hxg6 h6 {and Black
wins a piece (see comments to 9...Nc5)}) 13... gxf5 14. exf5 {White plays to
open the king and control the square e4.} Nc5 (14... Ne7 {is another playable
idea.}) 15. Nde4 {The control of e4 gives White a small advantage here.} (15.
Bxc5 dxc5 16. Nde4 {is possible but would weaken some dark squares and later
Black's bishop could be positioned on h6.}) 15... Nxe4 16. Nxe4 Bxf5 17. Ng3
Bh6 $1 {This exchange justifies the knight remaining on g8 and is
strategically correct.} 18. Qd2 Bxe3 19. fxe3 Bd7 20. O-O-O Nf6 21. Rdf1 Qe7 {
The position is about equal here.} 22. Bd3 b6 23. Bc2 Rf7 24. Nf5 {This is the
best plan for White.} ({After} 24. Bf5 Rg8 {Black is ok.}) 24... Bxf5 25. Rxf5
Raf8 26. Qg2 Ne8 27. Rh5 $1 e4 $6 {The pawn is weak on this square, but this
move is not a mistake but perhaps a try to play for a win that did not work.} (
27... Rf2 {was safer:} 28. Qg5 R8f7 $14) 28. Rg5 Rf2 29. Qg3 R2f3 30. Qg2 Qf6 {
I believe Moro was playing for a win, betting on his control of the f-file and
pretending to press against e3 with Ng7-Nf5. If Black repeats moves White
could accept the draw or try} (30... Rf2 31. Qg3 R2f3 32. Qe1 {with some
advantage.}) 31. Rg1 Ng7 $2 {The continuation of the plan but at the same time
the decisive mistake. The knight should go to f6 later.} ({After} 31... Rf1+
32. Rxf1 (32. Bd1 {is better and White retains a small advantage after} Rxg1
33. Qxg1 Qe7 34. Qg2 Nf6) 32... Qxf1+ 33. Qxf1 Rxf1+ 34. Kd2 Rf2+ 35. Kc3 Nf6 {
Black is ok.}) 32. Rg4 $1 {Now White wins the e-pawn, opens the way for his
bishop and the knight on g7 is misplaced.} Rf1+ 33. Rxf1 Qxf1+ 34. Qxf1 Rxf1+
35. Kd2 Rf2+ 36. Kc3 {Now the pawn is lost and the endgame is hopeless for
Black.} Nf5 37. Rxe4 Kg7 38. Rg4+ $1 {Excellent. The rook ending is the best
way for White to win.} Kh6 (38... Kf6 39. Bxf5 Rxf5 40. Rg8 {threatening Rc8}
Ke5 (40... Rh5 41. Rc8 Rxh4 42. Rxc7 h5 43. Rd7 Ke5 44. Re7+ Kf5 45. Re6 {
White wins}) 41. Rg7 {winning.}) 39. Bxf5 $1 Rxf5 40. Re4 Rf7 41. b4 (41. Kb3 {
is also good intending to go to c6.}) 41... a4 {After making this move Moro
resigned.} (41... axb4+ 42. Kxb4 Kh5 43. Kb5 {is winning for White.} Rg7 44.
Kc6 h6 (44... Rg4 45. Rxg4 Kxg4 46. Kxc7) 45. Re8 Kxh4 46. Rc8 h5 47. Rxc7
Rxc7+ 48. Kxc7 Kg3 49. Kxd6 h4 50. Kc7 h3 51. d6 h2 52. d7 h1=Q 53. d8=Q {
and White is winning.}) (41... a4 {The game could continue} 42. Kb2 Rf2+ (42...
b5 43. cxb5 Rf5 44. Re7 Rxd5 45. Rxc7 Rxb5 46. Ka3 {winning.}) 43. Ka3 Kg6 44.
Re7 {with an easy win for White}) 1-0

[Event "Gibraltar Masters 12th"]
[Site "Caleta"]
[Date "2014.02.06"]
[Round "10"]
[White "Tomashevsky, Evgeny"]
[Black "Anton Guijarro, David"]
[Result "1-0"]
[WhiteElo "2715"]
[BlackElo "2557"]
[Annotator "Meulders,R"]
[PlyCount "129"]
[EventDate "2014.01.28"]
[EventType "swiss"]
[EventRounds "10"]
[EventCountry "GGB"]
[SourceTitle "CBM 159"]
[Source "ChessBase"]
[SourceDate "2014.03.17"]
[SourceVersion "1"]
[SourceVersionDate "2014.03.17"]
[SourceQuality "1"]

1. d4 f5 2. g3 Nf6 3. Bg2 g6 4. c4 Bg7 5. Nf3 O-O 6. O-O d6 7. Nc3 c6 {
Virtually every move has been tried in this position, 8.d5 (intending to
hinder 8...e5) being by far the most frequently encountered and employed among
others by Carlsen, Ponomariov and Gelfand. Of the alternatves the quiet 8.b3
is the most popular, chosen by e.g. Aronian and Karpov. 8.b4 is more
aggressive and relatively unknown.} 8. b4 e5 {Black seizes the opportunity to
play the liberating ...e5.} 9. dxe5 dxe5 10. e4 (10. Nxe5 $2 Qxd1 11. Rxd1 Ne4
12. Nxe4 Bxe5 $17) 10... Qe7 $6 (10... Be6 $1 11. exf5 gxf5 12. Nxe5 Qxd1 13.
Rxd1 Nfd7 14. Nxd7 Nxd7 15. Bb2 Nb6 16. Rac1 Bxc4 17. Ba1 Rad8 $11 {1/2-1/2 
(56) Gelfand,B (2777)-Caruana,F (2782) Zuerich 2014}) 11. c5 $6 (11. Qb3 $1 Na6
(11... f4 12. b5 Nfd7 13. Ba3 (13. bxc6 $5 bxc6 14. Na4 Na6 15. Ba3 c5 16. Nc3
$14) 13... Nc5 14. Qb4 b6 15. Na4 Re8 16. Nxc5 a5 17. Qa4 bxc5 18. bxc6 $16 {
1-0 (60) Miroshnichenko,E (2696)-Boros,D (2485) Leros 2009}) 12. Ba3 c5 13.
bxc5 Nxc5 14. Rad1 $1 Re8 15. Qb5 b6 16. Ng5 Bd7 17. Bxc5 bxc5 18. Qb7 $14)
11... Na6 12. Rb1 Be6 (12... fxe4 13. Ng5 Bf5 14. Ngxe4 Qe6 15. Re1 Rad8 16.
Qb3 Nxe4 17. Nxe4 Nc7 18. Qxe6+ Nxe6 {and Black seems OK.}) 13. Qe2 Nc7 14. Re1
Nxe4 15. Nxe4 fxe4 16. Ng5 Nb5 17. Nxe6 Qxe6 18. Rb2 e3 (18... Nd4 19. Qxe4
Rad8 20. b5 $5 {breaking up Black's pawn structure on the queenside} Nxb5 21.
a4 Nc3 22. Qc2 e4 23. Rxb7 Bd4 24. Be3 {with some advantage to White.}) (18...
Rad8 $5 19. a4 Nd4 20. Qxe4 Rd7 {with equal chances.}) 19. Qxe3 e4 20. Rc2 Rae8
21. Bb2 (21. Bxe4 $2 Nd4 22. Rc3 Qf6 {and the subsequent ...Ne2+ gives Black
the advantage.}) 21... Bxb2 22. Rxb2 Qf6 $6 {Essentially this must be the
losing move. The bishop proves too strong for the knight. Black will soon drop
a pawn and the rest is a technical matter.} (22... Qc4 {limits White's
advantage.} 23. Bf1 (23. Bxe4 Rf7 24. f3 Nd4 {gives Black enough counterplay.})
23... Qd4 24. Qb3+ Kg7 25. Rd1 Qf6 26. Bxb5 {Otherwise the knight invades on
d4.} cxb5 27. Re2 Re7 28. Qc2 Rfe8 29. Rde1 Qd4 {The black king is less safe,
but the pawn on e4 limits White's possibilities.}) 23. Rd2 Nc3 24. Rd6 Qg7 25.
Qd2 Nb5 26. Rd7 Qc3 27. Qxc3 Nxc3 28. Rxb7 {The bishop is far better than the
knight, Black has several weak pawns and in addition he is a pawn down. This
is a technical win, which Black can only try to slow down.} Rf7 29. Rxf7 Kxf7
30. a3 a5 31. bxa5 $1 (31. Re3 axb4 32. axb4 Nd5 33. Rxe4 Rxe4 34. Bxe4 Nxb4
35. f4 Na6 36. Bxc6 Nxc5 37. Kf2 $16) 31... Ra8 32. Re3 Nd5 33. Rb3 Nf6 34. Rb6
Rxa5 35. Rxc6 Rxa3 36. Bh3 Ra1+ (36... e3 $5 37. fxe3 Rxe3 38. Rc7+ Re7 39.
Rxe7+ Kxe7 40. Kf1 $1 $16) 37. Kg2 Rc1 38. Rc7+ Ke8 39. Rc6 Kf7 40. Rc7+ Ke8
41. Be6 $1 Kd8 42. Rc6 Ke7 43. Ba2 e3 44. Re6+ Kd7 45. Rxe3 Rxc5 46. h4 {
White is only a pawn up, but as before, the bishop is superior to the knight
and wins the day.} Rc2 47. Be6+ Kd8 48. g4 Rd2 49. g5 Nd5 50. Rf3 Ke7 51. Bg8
Rd4 52. Kg3 Ke8 53. Bxh7 Ne7 54. Rf6 Nf5+ 55. Kf3 Nxh4+ 56. Ke3 Rg4 57. Bxg6+
Ke7 58. f4 Rg3+ 59. Kf2 (59. Ke4) 59... Rg2+ 60. Ke3 Rg3+ 61. Kf2 Rg2+ 62. Kf1
Rb2 63. Be4 Rb4 64. Kf2 $1 {An elegant tactical finish.} Rxe4 65. Kg3 1-0